| 000 | 00801nam a22002177a 4500 | ||
|---|---|---|---|
| 999 |
_c3423 _d3423 |
||
| 003 | AR-CdUCM | ||
| 008 | 190306b ||||| |||| 00| 0 spa d | ||
| 020 | _a9686642536 | ||
| 040 |
_aMUNICIPALIDAD PROVINCIAL DEL CUSCO _cBIBLIOTECA MUNICIPAL DEL CUSCO |
||
| 082 |
_a338.72 / _bS74 |
||
| 100 |
_aSpencer Hull, Galen _911286 |
||
| 245 |
_aGuía para la pequeña empresa : _btendencias en una economía global / |
||
| 260 |
_aMexico : _bGernika, _c1986. |
||
| 300 |
_a195 páginas ; _c20 cm. |
||
| 500 | _zEconomía global y la pequeña empresa -- Economía empresarial en EE.UU -- La pequeña empresa del tercer mundo... | ||
| 650 |
_aEconomía global. _911287 |
||
| 650 |
_aLa pequeña empresa. _911288 |
||
| 650 |
_aEconomía empresarial. _911289 |
||
| 942 |
_2ddc _cLIBROS |
||
| 945 |
_awfj _d2019-03-06 |
||